[Event "40th World U20 ch"]
[Site "Peristeri GRE"]
[Date "2001.08.19"]
[Round "4.22"]
[White "Pert, Nicholas"]
[Black "Tsiamis, Konstantinos"]
[Result "1-0"]
[WhiteElo "2475"]
[BlackElo "2217"]
[EventDate "2001.08.16"]
[PlyCount "71"]

1.d4 Nf6 2.Nf3 c5 3.d5 e6 4.c4 exd5 5.cxd5 d6 6.Nc3 g6 7.Bf4 Bg7 8.Qa4+ 
Bd7 9.Qb3 Qc7 10.e4 Nh5 11.Be3 a6 12.a4 O-O 13.h3 Bc8 14.Be2 Nd7 15.a5 Rb8
16.Nd2 b5 17.axb6 Rxb6 18.Qc2 Nhf6 19.O-O Rb4 20.Bxa6 Bxa6 21.Rxa6 Ne5 22.
b3 Nh5 23.Na2 Rb7 24.b4 cxb4 25.Qxc7 Rxc7 26.Nxb4 Nc4 27.Rc1 Rfc8 28.Rc6 
Rxc6 29.Nxc6 Nxd2 30.Ne7+ Kf8 31.Rxc8+ Kxe7 32.Bxd2 Bd4 33.Rc7+ Kf6 34.Bc3
Bxc3 35.Rxc3 Ke5 36.Rc7 1-0

[Event "40th World U20 ch"]
[Site "Peristeri GRE"]
[Date "2001.08.19"]
[Round "4.23"]
[White "Zambrana, Oswaldo"]
[Black "Bakre, Tejas"]
[Result "1/2-1/2"]
[WhiteElo "2301"]
[BlackElo "2463"]
[EventDate "2001.08.16"]
[PlyCount "83"]

1.e4 c5 2.Nf3 d6 3.d4 cxd4 4.Nxd4 Nf6 5.Nc3 Nc6 6.Bc4 Qb6 7.Nb3 e6 8.Bg5 
a6 9.O-O Qc7 10.Bxf6 gxf6 11.Qh5 Bd7 12.Kh1 Ne5 13.Be2 O-O-O 14.f4 Ng6 15.
g3 Be8 16.Bf3 Ne7 17.f5 Nc6 18.Bg2 Kb8 19.Rad1 h6 20.Bh3 Qe7 21.Nd4 Rg8 
22.Qf3 Nxd4 23.Rxd4 Bc6 24.Rd2 Bg7 25.Bg2 h5 26.Ne2 h4 27.Nd4 Be8 28.fxe6 
fxe6 29.Qb3 Bd7 30.e5 d5 31.c4 fxe5 32.cxd5 Ba4 33.Qxa4 exd4 34.Re2 Rd6 
35.Qb3 e5 36.gxh4 Bh6 37.Qf3 Be3 38.Qe4 Rh8 39.Rf5 Rxh4 40.Qxe5 Qxe5 41.
Rxe5 Bf4 42.Re8+ 1/2-1/2

[Event "40th World U20 ch"]
[Site "Peristeri GRE"]
[Date "2001.08.19"]
[Round "4.24"]
[White "Alvarez Marquez, Johann"]
[Black "Krivousas, Tomas"]
[Result "1/2-1/2"]
[WhiteElo "2382"]
[BlackElo "2204"]
[EventDate "2001.08.16"]
[PlyCount "34"]

1.d4 Nf6 2.c4 e6 3.Nc3 Bb4 4.e3 c5 5.Bd3 O-O 6.Ne2 cxd4 7.exd4 d5 8.cxd5 
Nxd5 9.O-O Nc6 10.Bc2 Re8 11.Qd3 g6 12.Rd1 Bf8 13.Qg3 Nxc3 14.bxc3 b5 15.
h4 Ba6 16.Bd3 Qa5 17.Bf4 b4 1/2-1/2

[Event "40th World U20 ch"]
[Site "Peristeri GRE"]
[Date "2001.08.19"]
[Round "4.25"]
[White "Zufic, Miroslav"]
[Black "Kristjansson, Stefan"]
[Result "0-1"]
[WhiteElo "2289"]
[BlackElo "2380"]
[EventDate "2001.08.16"]
[PlyCount "56"]

1.e4 e6 2.d4 d5 3.Nc3 Bb4 4.e5 Ne7 5.a3 Bxc3+ 6.bxc3 c5 7.Qg4 Kf8 8.Bd2 
Qc7 9.Bd3 c4 10.Be2 Qb6 11.h4 Qb2 12.Rc1 Qxa3 13.Rh3 Nbc6 14.Rf3 h6 15.Nh3
Nf5 16.Nf4 Qb2 17.Nh5 Rg8 18.Qf4 Nd8 19.Qh2 a5 20.g4 Ne7 21.Bf4 a4 22.Kd2 
Nec6 23.g5 hxg5 24.Bxg5 a3 25.Qf4 a2 26.Bf6 a1=Q 27.Rd1 Qxc2+ 28.Ke1 Ra2 
0-1

[Event "40th World U20 ch"]
[Site "Peristeri GRE"]
[Date "2001.08.20"]
[Round "5.5"]
[White "Neiksans, Arturs"]
[Black "Miton, Kamil"]
[Result "1/2-1/2"]
[WhiteElo "2435"]
[BlackElo "2516"]
[EventDate "2001.08.16"]
[PlyCount "96"]

1.e4 c5 2.Nf3 Nc6 3.d4 cxd4 4.Nxd4 Nf6 5.Nc3 d6 6.Be2 e5 7.Nf3 h6 8.O-O 
Be7 9.Re1 O-O 10.h3 a6 11.Bf1 b5 12.Nd5 Be6 13.c4 Rb8 14.b3 Na5 15.Bd2 
Nxd5 16.cxd5 Bd7 17.Rc1 f5 18.Bd3 fxe4 19.Bxe4 Nb7 20.b4 Qe8 21.Rc6 a5 22.
a3 axb4 23.axb4 Nd8 24.Rc7 Nf7 25.Bb1 Nh8 26.Ra7 Ra8 27.Rxa8 Qxa8 28.Qb3 
Be8 29.Nxe5 dxe5 30.d6+ Bf7 31.Qc2 Ng6 32.dxe7 Rc8 33.Qf5 Nxe7 34.Qxe5 Qd5
35.Qe2 Nf5 36.Be4 Qd7 37.Bb1 Bc4 38.Bxf5 Qxf5 39.Qe7 Rf8 40.Be3 Qf7 41.Bc5
Qxe7 42.Rxe7 Rf7 43.Re8+ Kh7 44.f3 Rd7 45.Be3 Rd1+ 46.Kf2 Rf1+ 47.Kg3 Re1 
48.Kf4 Bf1 1/2-1/2

[Event "40th World U20 ch"]
[Site "Peristeri GRE"]
[Date "2001.08.20"]
[Round "5.7"]
[White "Schenk, Andreas"]
[Black "Navara, David"]
[Result "0-1"]
[WhiteElo "2455"]
[BlackElo "2491"]
[EventDate "2001.08.16"]
[PlyCount "88"]

1.Nf3 Nf6 2.c4 g6 3.Nc3 d5 4.Qa4+ c6 5.cxd5 Nxd5 6.Nxd5 Qxd5 7.e4 Qd8 8.d4
Bg7 9.Be3 O-O 10.Rd1 Nd7 11.Qc2 Nb6 12.h3 Kh8 13.Bd3 f5 14.h4 f4 15.Bc1 
Bg4 16.Be2 Bxf3 17.Bxf3 Bxd4 18.e5 Qd7 19.Qe4 c5 20.Bxf4 Qd5 21.Bg3 Qxe4+ 
22.Bxe4 Na4 23.h5 g5 24.O-O Nxb2 25.Rb1 c4 26.Bxb7 Rab8 27.Be4 c3 28.e6 
Rb6 29.Rfe1 Rxe6 30.Bc2 Ref6 31.Re2 e5 32.Kh2 Re8 33.Kh3 Kg7 34.Kg4 h6 35.
Bg6 Re7 36.f4 gxf4 37.Bh4 Rxg6+ 38.hxg6 Re6 39.Kf5 Rxg6 40.Bd8 Rc6 41.Bh4 
c2 42.Rc1 Nd1 43.Rd2 Ne3+ 44.Ke4 Bb2 0-1

[Event "40th World U20 ch"]
[Site "Peristeri GRE"]
[Date "2001.08.20"]
[Round "5.8"]
[White "Zhao, Zong Yuan"]
[Black "Postny, Evgeny"]
[Result "0-1"]
[WhiteElo "2359"]
[BlackElo "2486"]
[EventDate "2001.08.16"]
[PlyCount "136"]

1.e4 e5 2.Nf3 Nc6 3.Bb5 Nf6 4.O-O Nxe4 5.Re1 Nd6 6.Nxe5 Be7 7.Bd3 Nxe5 8.
Rxe5 O-O 9.Nc3 c6 10.b3 Ne8 11.Bb2 d5 12.Qf3 Bf6 13.Re2 Nc7 14.Ba3 Re8 15.
Rae1 Rxe2 16.Nxe2 Ne6 17.Ng3 g6 18.Bd6 Kg7 19.Be5 Bxe5 20.Rxe5 Qf6 21.
Qxf6+ Kxf6 22.Re1 a5 23.f3 Bd7 24.Kf2 c5 25.c4 Bc6 26.cxd5 Bxd5 27.Ne4+ 
Kg7 28.Nc3 Rd8 29.Bb5 Kf6 30.Re2 Nc7 31.Bd3 b6 32.Be4 Be6 33.f4 Bg4 34.Bf3
Bxf3 35.Kxf3 Ne6 36.Re5 Rd3+ 37.Re3 Nd4+ 38.Kg4 h5+ 39.Kh3 Ne6 40.Rxd3 
Nxf4+ 41.Kg3 Nxd3 42.Nd5+ Ke5 43.Nxb6 Kd4 44.Na4 g5 45.Nc3 f5 46.Nb5+ Ke5 
47.Kf3 f4 48.h3 Ne1+ 49.Kf2 Nd3+ 50.Kf3 Nc1 51.Na3 Kf5 52.Nc4 g4+ 53.hxg4+
hxg4+ 54.Kf2 Nxa2 55.Nxa5 Nc1 56.Ke1 Ke4 57.Nc4 Nxb3 58.Nd6+ Ke5 59.Nf7+ 
Kf6 60.Nd6 Ke6 61.Ne4 Ke5 62.Nc3 Nc1 63.Kd1 Nd3 64.Ke2 c4 65.Nb5 Nc1+ 66.
Kf2 Nb3 67.Ke2 Nd4+ 68.Nxd4 Kxd4 0-1

[Event "40th World U20 ch"]
[Site "Peristeri GRE"]
[Date "2001.08.20"]
[Round "5.10"]
[White "Panchanathan, Magesh Chandran"]
[Black "Sedlak, Nikola"]
[Result "1-0"]
[WhiteElo "2339"]
[BlackElo "2457"]
[EventDate "2001.08.16"]
[PlyCount "71"]

1.e4 c5 2.Nf3 d6 3.d4 cxd4 4.Nxd4 Nf6 5.Nc3 a6 6.f4 e5 7.Nf3 Nbd7 8.a4 Be7
9.Bd3 O-O 10.O-O Nc5 11.Kh1 exf4 12.Bxf4 Bg4 13.Qd2 Bh5 14.b4 Ne6 15.Be3 
Bg6 16.a5 Nc7 17.Bb6 Nd7 18.Nd5 Nxb6 19.Nxb6 Rb8 20.Rae1 Bf6 21.Bc4 Re8 
22.Qd3 Qe7 23.Nd5 Nxd5 24.Bxd5 Qc7 25.c4 b6 26.axb6 Rxb6 27.Rb1 Qe7 28.
Rfe1 Rc8 29.Nd4 Qe5 30.Nf5 Bxf5 31.exf5 Qc3 32.Qe4 h5 33.Bxf7+ Kh7 34.Re3 
Qd4 35.Bg6+ Kh6 36.Rh3 1-0

[Event "40th World U20 ch"]
[Site "Peristeri GRE"]
[Date "2001.08.20"]
[Round "5.12"]
[White "Shaposhnikov, Evgeny"]
[Black "Karttunen, Mika"]
[Result "1/2-1/2"]
[WhiteElo "2519"]
[BlackElo "2466"]
[EventDate "2001.08.16"]
[PlyCount "45"]

1.e4 c5 2.Nf3 e6 3.d4 cxd4 4.Nxd4 a6 5.Bd3 Nf6 6.O-O Qc7 7.Qe2 d6 8.c4 g6 
9.Nc3 Bg7 10.Nf3 O-O 11.Bf4 Nc6 12.Rfd1 e5 13.Be3 Bg4 14.Bc2 Rac8 15.h3 
Bxf3 16.Qxf3 Nd4 17.Bxd4 exd4 18.Ne2 Nd7 19.Nxd4 Ne5 20.Qe2 Nxc4 21.Bb3 
Rfe8 22.Rac1 b5 23.Qd3 1/2-1/2

[Event "40th World U20 ch"]
[Site "Peristeri GRE"]
[Date "2001.08.20"]
[Round "5.15"]
[White "Du Shan"]
[Black "Pert, Nicholas"]
[Result "1/2-1/2"]
[WhiteElo "2352"]
[BlackElo "2475"]
[EventDate "2001.08.16"]
[PlyCount "96"]

1.d4 d5 2.Nf3 Nf6 3.Bg5 Ne4 4.Bf4 c5 5.e3 Nc6 6.c3 Qb6 7.Qb3 c4 8.Qxb6 
axb6 9.Nbd2 Nxd2 10.Nxd2 b5 11.e4 e6 12.Be2 b4 13.Bf3 Ra5 14.Bc7 Rb5 15.a4
bxa3 16.bxa3 Kd7 17.a4 Rb2 18.Bf4 Bd6 19.Be3 Ne7 20.O-O f5 21.exd5 exd5 
22.g3 Rf8 23.Rfb1 Rc2 24.Rc1 Rxc1+ 25.Rxc1 f4 26.gxf4 Bxf4 27.Kg2 h6 28.
Bxf4 Rxf4 29.Rb1 Kc7 30.Re1 Kd6 31.Rb1 Kc7 32.Re1 Rf7 33.Re5 Bd7 34.Kg1 
Bc6 35.a5 Kd6 36.Bg4 Bd7 37.Bf3 Be6 38.Re1 Nc6 39.Ra1 Rf8 40.Rb1 Kc7 41.
Rb5 Na7 42.Rb6 Nc6 43.Rb5 Na7 44.Rb6 Rf6 45.Bg2 Nc6 46.Rb5 Na7 47.Rb6 Nc6 
48.Rb5 Na7 {...} 1/2-1/2

[Event "40th World U20 ch"]
[Site "Peristeri GRE"]
[Date "2001.08.20"]
[Round "5.16"]
[White "Palliser, Richard"]
[Black "Bunzmann, Dimitrij"]
[Result "1/2-1/2"]
[WhiteElo "2337"]
[BlackElo "2509"]
[EventDate "2001.08.16"]
[PlyCount "98"]

1.d4 e6 2.c4 b6 3.e4 Bb7 4.Nc3 Bb4 5.f3 f5 6.exf5 Nh6 7.fxe6 O-O 8.Nh3 Nf5
9.Bg5 Qe8 10.Qd2 Qxe6+ 11.Be2 h6 12.Bf4 Qg6 13.Bd3 Qe8+ 14.Be2 Nc6 15.a3 
Bd6 16.Bxd6 cxd6 17.Nb5 Qg6 18.Bd3 a6 19.Bxf5 Qxf5 20.Nxd6 Qe6+ 21.Ne4 
Qxc4 22.Rd1 Rae8 23.d5 Rxe4+ 24.fxe4 Qxe4+ 25.Qe2 Qh4+ 26.g3 Qxh3 27.dxc6 
Bxc6 28.Rf1 Ra8 29.Rf4 Bb5 30.Qe4 Rc8 31.Rd2 Rc1+ 32.Rd1 Rc8 33.Rd2 d6 34.
Qf5 Re8+ 35.Kd1 Ba4+ 36.b3 Bxb3+ 37.Kc1 Qxf5 38.Rxf5 d5 39.Kb2 Bc4 40.Rf3 
b5 41.Kc3 a5 42.h4 Kh7 43.Rd4 Re7 44.Rdf4 Rb7 45.Kd4 b4 46.axb4 axb4 47.
Rf7 Rb6 48.R3f4 Rg6 49.Rb7 Rxg3 1/2-1/2

[Event "40th World U20 ch"]
[Site "Peristeri GRE"]
[Date "2001.08.20"]
[Round "5.17"]
[White "Cernousek, Lukas"]
[Black "Potkin, Vladimir"]
[Result "1-0"]
[WhiteElo "2262"]
[BlackElo "2530"]
[EventDate "2001.08.16"]
[PlyCount "125"]

1.e4 e6 2.d4 d5 3.exd5 exd5 4.c4 Nf6 5.Nc3 Be7 6.cxd5 Nxd5 7.Bc4 Nb6 8.Bb3
O-O 9.Nge2 Nc6 10.d5 Ne5 11.O-O Bg4 12.f3 Bd7 13.Nd4 Re8 14.Ne4 a5 15.a4 
h6 16.Qc2 c5 17.dxc6 Nxc6 18.Nxc6 Bxc6 19.Rd1 Bxe4 20.fxe4 Qc8 21.Qf2 Nc4 
22.Qg3 Ra6 23.Bf4 Bc5+ 24.Kh1 Rxe4 25.Rac1 Bf8 26.Bc2 Re7 27.b3 Rc6 28.
bxc4 Rxc4 29.Bh7+ Kh8 30.Bd3 Rxc1 31.Rxc1 Qd7 32.Bd6 Re8 33.Bb5 Rc8 34.Bc7
Qd6 35.Bf1 Qxg3 36.hxg3 Bd6 37.Rd1 Bxc7 38.Rc1 Rd8 39.Rxc7 Rd1 40.Kg1 Ra1 
41.Rc4 g6 42.Kf2 Kg7 43.Be2 Ra2 44.g4 Rb2 45.Ke3 b5 46.axb5 Rxb5 47.Rc7 
Rb3+ 48.Kd4 Rb2 49.Bf3 a4 50.Bd5 Rb4+ 51.Kc3 Rb6 52.Ra7 a3 53.Rxa3 Rd6 54.
Kd4 Kf6 55.Rf3+ Kg5 56.Rxf7 Kxg4 57.Ke5 Rb6 58.Rf6 Rxf6 59.Kxf6 g5 60.Bf3+
Kh4 61.g4 h5 62.gxh5 g4 63.Bxg4 1-0

[Event "40th World U20 ch"]
[Site "Peristeri GRE"]
[Date "2001.08.20"]
[Round "5.18"]
[White "Vajda, Levente"]
[Black "Guidarelli, Laurent"]
[Result "1/2-1/2"]
[WhiteElo "2507"]
[BlackElo "2323"]
[EventDate "2001.08.16"]
[PlyCount "151"]

1.e4 c5 2.Nf3 d6 3.c3 Nf6 4.Be2 Bd7 5.d3 e6 6.O-O Be7 7.Nbd2 Bc6 8.Re1 
Nbd7 9.Bf1 Ne5 10.Nxe5 dxe5 11.a4 O-O 12.Nc4 Qc7 13.Bd2 b6 14.h3 a6 15.b4 
b5 16.axb5 Bxb5 17.Ra2 Rfd8 18.Qe2 Rab8 19.Rc1 Bxc4 20.dxc4 cxb4 21.cxb4 
Bxb4 22.Bxb4 Rxb4 23.Rxa6 Qc5 24.Qe3 Qxe3 25.fxe3 Rb7 26.c5 Kf8 27.Ra4 Ke7
28.Ba6 Rc7 29.Rb4 Ra8 30.Rb7 Ra7 31.c6 Raxb7 32.Bxb7 Nxe4 33.g4 Nd6 34.Rb1
Nc4 35.Kf2 Na5 36.Rb5 Nxc6 37.Bxc6 Rxc6 38.Rxe5 Rd6 39.Ra5 Rd5 40.Ra7+ Rd7
41.Ra5 Kf6 42.Kf3 Rd5 43.Ra7 h5 44.Rb7 h4 45.Rb1 g5 46.Ke4 Re5+ 47.Kf3 Ra5
48.Rb2 Ra1 49.Kf2 Ra5 50.Rc2 Ke5 51.Rb2 f5 52.Kf3 Kf6 53.gxf5 Rxf5+ 54.Kg2
Ke5 55.Rb6 Rf8 56.Rb5+ Kf6 57.Kf3 Rd8 58.Rb2 Rd1 59.Kf2 Kf5 60.Ra2 e5 61.
Ra5 Rd2+ 62.Kf3 Rd6 63.e4+ Kf6 64.Kg4 Rc6 65.Ra8 Rc3 66.Ra6+ Ke7 67.Kxg5 
Rxh3 68.Kf5 Rd3 69.Kxe5 h3 70.Ra7+ Rd7 71.Ra2 Rb7 72.Kf4 Rb3 73.e5 Rb1 74.
Ra7+ Ke6 75.Ra6+ Ke7 76.Rh6 1/2-1/2

[Event "40th World U20 ch"]
[Site "Peristeri GRE"]
[Date "2001.08.20"]
[Round "5.19"]
[White "Bakre, Tejas"]
[Black "Karakehajov, Kalin"]
[Result "1/2-1/2"]
[WhiteElo "2463"]
[BlackElo "2316"]
[EventDate "2001.08.16"]
[PlyCount "82"]

1.e4 e5 2.Nf3 Nc6 3.Bb5 a6 4.Ba4 Nf6 5.O-O Be7 6.Re1 b5 7.Bb3 O-O 8.h3 Bb7
9.d3 h6 10.Nc3 Re8 11.a3 Bf8 12.Nd5 Nd4 13.Nxd4 exd4 14.Nxf6+ Qxf6 15.Qf3 
Qxf3 16.gxf3 c5 17.Bd2 Re5 18.a4 Rae8 19.axb5 axb5 20.Ra7 Bc6 21.Rea1 Rh5 
22.Kg2 Bd6 23.R1a6 Re7 24.Bd5 Bxd5 25.Rxd6 Be6 26.f4 f5 27.e5 g5 28.f3 Rg7
29.Ra8+ Kf7 30.fxg5 hxg5 31.Rb6 f4 32.Rbb8 Rgh7 33.Rg8 Bxh3+ 34.Kf2 Bf5 
35.Ke2 Rh1 36.Be1 Rg1 37.Rgf8+ Kg7 38.Rxf5 Rh2+ 39.Kd1 Rhh1 40.Raf8 Rxe1+ 
41.Kd2 Rd1+ 1/2-1/2

[Event "40th World U20 ch"]
[Site "Peristeri GRE"]
[Date "2001.08.20"]
[Round "5.20"]
[White "Berkvens, Joost"]
[Black "Zambrana, Oswaldo"]
[Result "1/2-1/2"]
[WhiteElo "2444"]
[BlackElo "2301"]
[EventDate "2001.08.16"]
[PlyCount "97"]

1.d4 Nf6 2.c4 e6 3.Nc3 Bb4 4.e3 b6 5.Ne2 Bb7 6.a3 Be7 7.d5 O-O 8.g3 b5 9.
b3 b4 10.axb4 Bxb4 11.Bg2 exd5 12.cxd5 Na6 13.O-O Nc5 14.Bb2 a5 15.Na2 Ba6
16.Nxb4 axb4 17.Bf3 d6 18.Bd4 Nfd7 19.Qc2 Qg5 20.Rfe1 Qg6 21.Qxg6 hxg6 22.
Bxc5 Nxc5 23.Nd4 Bb7 24.h4 Rxa1 25.Rxa1 Ra8 26.Rxa8+ Bxa8 27.Kf1 Bb7 28.
Ke2 Kf8 29.g4 Ke7 30.g5 Kd7 31.e4 c6 32.dxc6+ Bxc6 33.Ke3 Bb7 34.Bg2 f5 
35.h5 gxh5 36.Nxf5 Nxb3 37.Nxg7 Nc5 38.Bh3+ Ke7 39.Nf5+ Kf8 40.Nxd6 b3 41.
Nc4 Nxe4 42.f4 Nc3 43.Nb2 Bc6 44.Kd4 Na4 45.Nc4 Be8 46.f5 Bd7 47.Ke5 b2 
48.Na3 Nc3 49.g6 1/2-1/2

[Event "40th World U20 ch"]
[Site "Peristeri GRE"]
[Date "2001.08.20"]
[Round "5.21"]
[White "Mastrovasilis, Dimitrios"]
[Black "Rathnakaran, Kantholi"]
[Result "1-0"]
[WhiteElo "2436"]
[BlackElo "2258"]
[EventDate "2001.08.16"]
[PlyCount "73"]

1.e4 e6 2.d4 d5 3.Nc3 Nf6 4.e5 Nfd7 5.f4 c5 6.Nf3 Nc6 7.Be3 cxd4 8.Nxd4 a6
9.Qd2 Nxd4 10.Bxd4 b5 11.h4 Bb7 12.O-O-O Rc8 13.Kb1 Nc5 14.Bd3 Bc6 15.g4 
b4 16.Ne2 Ba4 17.Qxb4 Rb8 18.Qd2 Nxd3 19.Qxd3 Bb5 20.Qe3 Be7 21.f5 Bxh4 
22.f6 g5 23.Ng1 h5 24.Nf3 hxg4 25.Nxg5 Rh5 26.Qg1 Qc7 27.Nxe6 fxe6 28.Qxg4
Qf7 29.Rdg1 Kd7 30.Rxh4 Rxh4 31.Qxh4 Rg8 32.Rg5 Kc6 33.b3 Be2 34.Rxg8 Qxg8
35.Qe1 Qg4 36.f7 Qf3 37.Qc3+ 1-0

[Event "40th World U20 ch"]
[Site "Peristeri GRE"]
[Date "2001.08.20"]
[Round "5.22"]
[White "Hersvik, Daniel"]
[Black "Flores, Diego"]
[Result "0-1"]
[WhiteElo "2241"]
[BlackElo "2425"]
[EventDate "2001.08.16"]
[PlyCount "138"]

1.e4 e5 2.Nf3 Nc6 3.Bb5 Nf6 4.O-O Nxe4 5.d4 Nd6 6.Bxc6 dxc6 7.dxe5 Nf5 8.
Qxd8+ Kxd8 9.Nc3 a5 10.b3 Ke8 11.Bb2 Be6 12.Ne4 a4 13.c4 h5 14.Nfg5 Be7 
15.Rfe1 b6 16.Bc3 c5 17.Rad1 axb3 18.axb3 Ra3 19.Ra1 Rxb3 20.Ra8+ Bd8 21.
Nxe6 fxe6 22.Rc1 Rf8 23.Nd2 Rxc3 24.Rxc3 Nd4 25.Rd3 Rf7 26.Nf3 Nc6 27.h4 
Rd7 28.Rxd7 Kxd7 29.g3 Na5 30.Nd2 c6 31.f4 b5 32.Kf2 Nb7 33.Ke3 Ba5 34.Nb3
Bd8 35.Kd3 g6 36.Nd2 Na5 37.Kc3 Nb7 38.Ne4 Ba5+ 39.Kd3 Be1 40.Rg8 Kc7 41.
Rxg6 Bb4 42.Rxe6 bxc4+ 43.Kc2 Na5 44.Re7+ Kd8 45.Rg7 Nb3 46.Nc3 Nd4+ 47.
Kb2 Nb5 48.Nxb5 cxb5 49.e6 Be1 50.f5 b4 51.Rd7+ Ke8 52.Rb7 Bxg3 53.Rb5 Bf2
54.Kc2 Bd4 55.Rb7 Be5 56.Kd2 Bd4 57.Ke2 Bf6 58.Ke3 b3 59.Rb8+ Ke7 60.Rb7+ 
Ke8 61.Rb8+ Ke7 62.Rb7+ Kd6 63.Rd7+ Kc6 64.Rd1 c3 65.Rh1 c4 66.e7 Bxe7 67.
Kd4 c2 68.Kc3 Ba3 69.Kxc4 b2 0-1

[Event "40th World U20 ch"]
[Site "Peristeri GRE"]
[Date "2001.08.20"]
[Round "5.23"]
[White "Schneider, Dmitry"]
[Black "Khamzin, Olzhas"]
[Result "0-1"]
[WhiteElo "2405"]
[BlackElo "2223"]
[EventDate "2001.08.16"]
[PlyCount "96"]

1.e4 e5 2.Nf3 Nf6 3.d3 Nc6 4.c3 d5 5.Nbd2 Be7 6.Be2 O-O 7.O-O b6 8.b4 a6 
9.Bb2 Bb7 10.Re1 Re8 11.Bf1 Bf8 12.a4 b5 13.Qb3 Qd7 14.h3 Rad8 15.axb5 
axb5 16.Rad1 d4 17.cxd4 exd4 18.e5 Nd5 19.Nxd4 Nxd4 20.Bxd4 Bxb4 21.Bb2 c5
22.Ne4 Re6 23.Nd6 Bc6 24.Re4 Ne7 25.Rg4 Bd5 26.Qc2 Ng6 27.Nf5 Qe8 28.f4 
Rc6 29.Ne3 h5 30.Rg5 Nxf4 31.Qf2 Ng6 32.Rxh5 Bb3 33.Rc1 c4 34.e6 c3 35.
exf7+ Qxf7 36.Rf5 cxb2 37.Rxc6 b1=Q 38.Rxf7 Bxf7 39.d4 Rxd4 40.Rc8+ Bf8 
41.Kh2 Qe4 42.Be2 Rd2 43.h4 Ne7 44.Rc1 Nd5 45.Rf1 Bd6+ 46.Kh1 Bf4 47.Nxd5 
Rxe2 48.Ne7+ Kh7 0-1

[Event "40th World U20 ch"]
[Site "Peristeri GRE"]
[Date "2001.08.21"]
[Round "6.3"]
[White "Korobov, Anton"]
[Black "Sargissian, Gabriel"]
[Result "1/2-1/2"]
[WhiteElo "2470"]
[BlackElo "2514"]
[EventDate "2001.08.16"]
[PlyCount "76"]

1.d4 d5 2.c4 e6 3.Nc3 Be7 4.Nf3 Nf6 5.cxd5 exd5 6.Bg5 c6 7.e3 Bf5 8.Bd3 
Bxd3 9.Qxd3 Nbd7 10.O-O O-O 11.Bxf6 Nxf6 12.Rab1 a5 13.Ne5 Nd7 14.Nxd7 
Qxd7 15.a3 Bd6 16.Rfc1 f5 17.g3 g5 18.f4 Rae8 19.Rf1 Qe6 20.Rbe1 h6 21.Re2
Rf6 22.Kf2 Qf7 23.Ke1 Kg7 24.Kd2 gxf4 25.gxf4 Rg6 26.Ref2 Be7 27.Kc2 Kh7 
28.Kb1 Reg8 29.Rf3 Rg2 30.Rh3 R8g4 31.Rff3 Qg6 32.Ka2 Rh4 33.Rhg3 Rg4 34.
Rxg2 Rxg2 35.Rg3 Rxg3 36.hxg3 Qg4 37.Qc2 Kg6 38.Qf2 h5 1/2-1/2

[Event "40th World U20 ch"]
[Site "Peristeri GRE"]
[Date "2001.08.21"]
[Round "6.4"]
[White "Gagunashvili, Merab"]
[Black "Berg, Emanuel"]
[Result "1-0"]
[WhiteElo "2445"]
[BlackElo "2496"]
[EventDate "2001.08.16"]
[PlyCount "83"]

1.d4 e6 2.c4 Nf6 3.Nc3 Bb4 4.Qc2 c5 5.dxc5 Na6 6.a3 Bxc3+ 7.Qxc3 Nxc5 8.b4
Nce4 9.Qd4 d5 10.cxd5 O-O 11.Bb2 e5 12.Qd1 Ng4 13.Nh3 Bf5 14.Rc1 Qf6 15.f3
Ne3 16.Qb3 Nxg2+ 17.Kd1 Bxh3 18.fxe4 Qh4 19.Qf3 Nf4 20.Bxe5 Bxf1 21.Rxf1 
Ng6 22.Bd6 Rfe8 23.Qxf7+ Kh8 24.Rc7 Rg8 25.Qf5 Rae8 26.Rf3 Rxe4 27.Rh3 
Rd4+ 28.Kc2 Rxd5 29.Rxh4 Rxf5 30.Rd4 Re8 31.Rxb7 a5 32.e4 Rf2+ 33.Rd2 Rf3 
34.bxa5 h5 35.a6 Rc8+ 36.Kb2 Kh7 37.Rb8 Rxb8+ 38.Bxb8 Rf6 39.a7 Rb6+ 40.
Ka2 Ra6 41.Rd6 Ra5 42.Kb3 1-0

[Event "40th World U20 ch"]
[Site "Peristeri GRE"]
[Date "2001.08.21"]
[Round "6.6"]
[White "Aronian, Levon"]
[Black "Izoria, Zviad"]
[Result "1-0"]
[WhiteElo "2562"]
[BlackElo "2487"]
[EventDate "2001.08.16"]
[PlyCount "51"]

1.e4 c6 2.d4 d5 3.Nd2 dxe4 4.Nxe4 Bf5 5.Ng3 Bg6 6.Bc4 e6 7.N1e2 Bd6 8.h4 
h6 9.Nf4 Bxf4 10.Bxf4 Nf6 11.Qe2 O-O 12.h5 Bh7 13.O-O-O b5 14.Bd3 Bxd3 15.
Rxd3 Qd5 16.Kb1 Nbd7 17.f3 c5 18.dxc5 Qc6 19.Qd2 Rfc8 20.b4 a5 21.Bxh6 
gxh6 22.Qxh6 axb4 23.Ne4 Qa6 24.a3 e5 25.Nd6 Rxc5 26.Nf5 1-0

[Event "40th World U20 ch"]
[Site "Peristeri GRE"]
[Date "2001.08.21"]
[Round "6.9"]
[White "Torfinnsson, Bragi"]
[Black "Shaposhnikov, Evgeny"]
[Result "0-1"]
[WhiteElo "2371"]
[BlackElo "2519"]
[EventDate "2001.08.16"]
[PlyCount "84"]

1.d4 Nf6 2.c4 e6 3.g3 d5 4.Nf3 Bb4+ 5.Bd2 Be7 6.Bg2 O-O 7.O-O c6 8.Bc3 
dxc4 9.Ne5 b5 10.Bxc6 Nxc6 11.Nxc6 Qc7 12.Nxe7+ Qxe7 13.Qe1 Nd5 14.Ba5 Qd7
15.e4 Ne7 16.Nc3 Nc6 17.Nxb5 Rb8 18.Na3 Nxa5 19.Qxa5 Qxd4 20.Qc7 Ba6 21.
Rac1 Rfc8 22.Qa5 Rb6 23.Qc3 Qxe4 24.b3 Rbc6 25.Rfd1 h5 26.bxc4 Bxc4 27.
Nxc4 Rxc4 28.Qd2 h4 29.Rxc4 Qxc4 30.Qg5 h3 31.Qh5 Qc2 32.a3 g6 33.Qg4 Rc4 
34.Qf3 Rc3 35.Qg4 Rc4 36.Qf3 Re4 37.Rf1 Kg7 38.Kh1 Qe2 39.Qc3+ Re5 40.Rc1 
Qe4+ 41.f3 Qe2 42.Rg1 Qe3 0-1

[Event "40th World U20 ch"]
[Site "Peristeri GRE"]
[Date "2001.08.21"]
[Round "6.10"]
[White "Bitansky, Igor"]
[Black "Acs, Peter"]
[Result "0-1"]
[WhiteElo "2363"]
[BlackElo "2514"]
[EventDate "2001.08.16"]
[PlyCount "110"]

1.e4 e5 2.Nf3 Nc6 3.Bb5 a6 4.Ba4 Nf6 5.Qe2 b5 6.Bb3 Be7 7.c3 O-O 8.O-O d5 
9.d3 Bb7 10.Rd1 d4 11.Nbd2 Bc5 12.Nf1 Qd6 13.Ng3 Bc8 14.h3 Be6 15.Bc2 Bb6 
16.Nh4 Qc5 17.Bg5 dxc3 18.bxc3 Nd7 19.Rac1 g6 20.Bb1 Rfe8 21.Be3 Qa3 22.
Bxb6 Nxb6 23.Nf3 Rad8 24.Ng5 Na4 25.Nxe6 Rxe6 26.Qc2 Red6 27.Ne2 Nb2 28.
Rd2 Nxd3 29.Rcd1 Nc5 30.Rxd6 Rxd6 31.Rd5 Na4 32.Qb3 Qxb3 33.axb3 Nb6 34.
Rxd6 cxd6 35.b4 Kf8 36.Kf1 Ke7 37.Ke1 a5 38.bxa5 Nxa5 39.Ba2 Na4 40.Bd5 
Nc5 41.f3 Ne6 42.Kd2 Nc4+ 43.Bxc4 bxc4 44.h4 Nf4 45.g3 Nxe2 46.Kxe2 f5 47.
Ke3 Ke6 48.Ke2 d5 49.exd5+ Kxd5 50.Ke3 h5 51.Kd2 Kc6 52.Ke3 Kc5 53.Kd2 Kb5
54.Kc2 Ka4 55.Kb2 e4 0-1

[Event "40th World U20 ch"]
[Site "Peristeri GRE"]
[Date "2001.08.21"]
[Round "6.11"]
[White "Venkatesh, Marani Rajendran"]
[Black "Markos, Jan"]
[Result "0-1"]
[WhiteElo "2356"]
[BlackElo "2479"]
[EventDate "2001.08.16"]
[PlyCount "106"]

1.Nf3 Nf6 2.g3 d5 3.Bg2 c6 4.d3 Bg4 5.Nbd2 Nbd7 6.O-O e5 7.h3 Bh5 8.e4 
dxe4 9.dxe4 Bc5 10.a4 a5 11.Qe2 O-O 12.Rd1 Qe7 13.Nf1 Rfd8 14.g4 Bg6 15.
Ng3 Nf8 16.Rxd8 Rxd8 17.Nh4 Ne6 18.Nhf5 Qd7 19.Bf3 Bxf5 20.Nxf5 g6 21.Nh6+
Kf8 22.Kg2 Ng8 23.Qe1 b6 24.c3 Be7 25.Be3 Qc7 26.Nxg8 Kxg8 27.Be2 Bg5 28.
Bc4 Bxe3 29.Bxe6 Bd2 30.Qe2 fxe6 31.Qc4 Rd6 32.b4 Qf7 33.bxa5 bxa5 34.Rb1 
Bg5 35.Rb8+ Kg7 36.Ra8 Bd8 37.Qe2 Bb6 38.c4 Qf4 39.Rb8 Rd2 40.Qxd2 Qxd2 
41.Rxb6 Qd4 42.Rb7+ Kg8 43.f3 Qxc4 44.Rb8+ Kf7 45.Rb7+ Ke8 46.Rxh7 Qe2+ 
47.Kg3 c5 48.h4 c4 49.h5 gxh5 50.gxh5 c3 51.Rh8+ Kf7 52.h6 c2 53.h7 Kg7 
0-1

[Event "40th World U20 ch"]
[Site "Peristeri GRE"]
[Date "2001.08.21"]
[Round "6.12"]
[White "Pert, Nicholas"]
[Black "Zhao, Zong Yuan"]
[Result "1/2-1/2"]
[WhiteElo "2475"]
[BlackElo "2359"]
[EventDate "2001.08.16"]
[PlyCount "51"]

1.d4 Nf6 2.Nf3 e6 3.g3 c5 4.Bg2 Nc6 5.O-O cxd4 6.Nxd4 Qb6 7.Nb3 d5 8.Nc3 
Be7 9.a4 O-O 10.a5 Qd8 11.a6 bxa6 12.e4 dxe4 13.Nxe4 Nxe4 14.Bxe4 Bb7 15.
Re1 Qb6 16.Be3 Qb4 17.Bd2 Qb5 18.Bc3 Rad8 19.Qg4 g6 20.Bg2 h5 21.Qf4 Kh7 
22.Na5 Bg5 23.Qa4 Nxa5 24.Qxa5 Bxg2 25.Kxg2 h4 26.Qa4 1/2-1/2

[Event "40th World U20 ch"]
[Site "Peristeri GRE"]
[Date "2001.08.21"]
[Round "6.15"]
[White "Sedlak, Nikola"]
[Black "Du Shan"]
[Result "1/2-1/2"]
[WhiteElo "2457"]
[BlackElo "2352"]
[EventDate "2001.08.16"]
[PlyCount "120"]

1.e4 c5 2.Nf3 a6 3.c4 d6 4.d4 cxd4 5.Nxd4 Nf6 6.Nc3 e6 7.Bd3 Be7 8.O-O O-O
9.b3 b6 10.Bb2 Bb7 11.Qe2 Nbd7 12.Rad1 Qc7 13.Kh1 Rfe8 14.f4 Bf8 15.Nf3 e5
16.fxe5 dxe5 17.Nd5 Bxd5 18.cxd5 b5 19.Nh4 Qd8 20.Bb1 g6 21.Bc1 Bg7 22.g3 
Qb6 23.Rf3 Qd6 24.Rdf1 Rf8 25.Bd2 Rab8 26.h3 Nc5 27.g4 Nfd7 28.Qf2 f6 29.
Rg1 b4 30.Ng2 a5 31.Rg3 Kh8 32.h4 Qb6 33.Be3 Rfc8 34.Ne1 Qd6 35.Qg2 a4 36.
Bc2 axb3 37.axb3 Nb7 38.g5 fxg5 39.Nf3 gxh4 40.Nxh4 Nf8 41.Qh2 Qd7 42.Bd1 
Rc3 43.Bg4 Qc7 44.Be6 Rxe3 45.Rxe3 Nxe6 46.dxe6 Kg8 47.Nf3 Nc5 48.Qh3 Qe7 
49.Ng5 Bf6 50.Reg3 Bxg5 51.Rxg5 Nxe6 52.Rxe5 Re8 53.Rf1 Kg7 54.Qg4 Qd6 55.
Rd5 Qc6 56.Qh4 Nf8 57.Rd4 Nd7 58.Rc4 Qd6 59.Qf4 Qe6 60.Rc7 Kg8 1/2-1/2